书目信息 |
| 题名: |
建筑工程造价
|
|
| 作者: | 刘石英 编著 | |
| 分册: | ||
| 出版信息: | 南京 河海大学出版社 1999.02 |
|
| 页数: | 190页 | |
| 开本: | 16开 | |
| 丛书名: | ||
| 单 册: | ||
| 中图分类: | TU723.3-43 | |
| 科图分类: | ||
| 主题词: | 建筑工程--施工组织 , 建筑工程--施工计划 | |
| 电子资源: | ||
| ISBN: | 7-5630-1345-8 | |
| 000 | 00603nam0 2200205 45 | |
| 001 | 0008101665 | |
| 005 | 20000810161729.5 | |
| 010 | @a7-5630-1345-8@d22.00元 | |
| 100 | @a20000810d1999 km y0chiy0120 ea | |
| 101 | 0 | @achi |
| 105 | @a z 000yy | |
| 200 | 1 | @a建筑工程造价@AJian Zhu Gong Cheng Zao Jia@f刘石英编著@FLiu Shi Ying Bian Zhu |
| 210 | @a南京@c河海大学出版社@d1999.02 | |
| 215 | @a190页@d16开 | |
| 606 | 0 | @a建筑工程@x施工组织 |
| 606 | 0 | @a建筑工程@x施工计划 |
| 690 | @aTU723.3-43@v3 | |
| 701 | 0 | @a刘石英@4编著 |
| 801 | @aCN@bPftUser@c20000810 | |
| 905 | @b102637-646@dTU723.3-43@eL925@f10 | |
| 建筑工程造价/刘石英编著.-南京:河海大学出版社,1999.02 |
| 190页;16开 |
| ISBN 7-5630-1345-8:22.00元 |
| ● |
| 相关链接 |
|
|
|
正题名:建筑工程造价
索取号:TU723.3-43/L925
 
预约/预借
| 序号 | 登录号 | 条形码 | 馆藏地/架位号 | 状态 | 备注 |
| 1 | 102637 | 201026371 | 土木与交通工程学院资料室/101建筑库 62排5列1层/ [索取号:TU723.3-43/L925] | 在馆 | |
| 2 | 102638 | 201026380 | 建筑库201/201建筑库 105排6列1层/ [索取号:TU723.3-43/L925] | 在馆 | |
| 3 | 102639 | 201026399 | 土木与交通工程学院资料室/101建筑库 62排5列1层/ [索取号:TU723.3-43/L925] | 在馆 | |
| 4 | 102640 | 201026406 | 土木与交通工程学院资料室/101建筑库 62排5列1层/ [索取号:TU723.3-43/L925] | 在馆 | |
| 5 | 102641 | 201026415 | 建筑库201/201建筑库 105排6列1层/ [索取号:TU723.3-43/L925] | 在馆 | |
| 6 | 102642 | 201026424 | 自科二线404/404自科库 9排2列1层/ [索取号:TU723.3-43/L925] | 在馆 | |
| 7 | 102643 | 201026433 | 自科二线404/404自科库 9排2列1层/ [索取号:TU723.3-43/L925] | 在馆 | |
| 8 | 102644 | 201026442 | 自科二线404/404自科库 9排2列1层/ [索取号:TU723.3-43/L925] | 在馆 | |
| 9 | 102645 | 201026451 | 建筑库201/201建筑库 105排6列1层/ [索取号:TU723.3-43/L925] | 在馆 | |
| 10 | 102646 | 201026460 | 自科二线404/404自科库 19排6列2层/ [索取号:TU723.3-43/L925] | 在馆 |